000 00451nam a2200169Ia 4500
005 20250424120315.0
008 250424s9999 xx 000 0 und d
022 _a11158443
050 _aT 28.N6 .N534/
245 0 _aNigerian journal of technology
260 _aNsukka
260 _bFaculty of Engineering, University of Nigeria.
260 _c2010
300 _av. : ill. ; 29 cm.
650 _aTechnology--Nigeria--Periodicals.
942 _cSR
999 _c38566
_d38566